[Event "II Open Dicembre"]
[Site "Arco ITA"]
[Date "2011.12.29"]
[Round "6"]
[White "Giancotti, Eraldo"]
[Black "Spornberger, Andre"]
[Result "1/2-1/2"]
[WhiteElo "2097"]
[BlackElo "1949"]
[PlyCount "76"]
[EventDate "2011.12.26"]

1. Nf3 g6 2. c4 Bg7 3. g3 d6 4. Bg2 e5 5. Nc3 Nc6 6. O-O f5 7. d3 Nf6 8. Rb1
O-O 9. b4 h6 10. b5 Ne7 11. Ba3 Be6 12. Nd2 Rb8 13. Qa4 Qd7 14. c5 Ned5 15.
Nxd5 Nxd5 16. Qc2 e4 17. cxd6 cxd6 18. Nc4 Rfc8 19. Bb2 Nb6 20. Nxb6 axb6 21.
Qd2 d5 22. Bxg7 Kxg7 23. dxe4 dxe4 24. Qb2+ Kf7 25. Rbd1 Qe7 26. Rd4 Ra8 27. a4
Rc4 28. Rxc4 Bxc4 29. Ra1 Qe6 30. Qc1 Bxb5 31. Qc7+ Qe7 32. Qxb6 Rxa4 33. Rb1
Bc6 34. Qb3+ Qe6 35. Qc3 Qf6 36. Rxb7+ Bxb7 37. Qb3+ Kg7 38. Qxa4 Ba6 1/2-1/2

[Event "II Open Dicembre"]
[Site "Arco ITA"]
[Date "2011.12.29"]
[Round "6"]
[White "Horn, Peter"]
[Black "Scriboni, Simone"]
[Result "1-0"]
[WhiteElo "2159"]
[BlackElo "1961"]
[PlyCount "51"]
[EventDate "2011.12.26"]

1. Nf3 d5 2. g3 c6 3. Bg2 Nf6 4. O-O Bg4 5. c4 Bxf3 6. Bxf3 e6 7. d3 Nbd7 8. b3
Be7 9. Bb2 O-O 10. Nd2 a5 11. a3 Re8 12. Qc2 Rc8 13. Bg2 Bf8 14. e4 dxe4 15.
dxe4 e5 16. Nf3 Qc7 17. Bc3 Rcd8 18. b4 axb4 19. axb4 Ng4 20. Rfd1 f6 21. c5 b6
22. Bh3 h5 23. Qb3+ Kh8 24. Qf7 bxc5 25. Qxh5+ Nh6 26. Bxd7 1-0

[Event "II Open Dicembre"]
[Site "Arco ITA"]
[Date "2011.12.29"]
[Round "6"]
[White "Lantschner, Carmen"]
[Black "Resch, Aaron"]
[Result "0-1"]
[WhiteElo "1493"]
[BlackElo "1607"]
[PlyCount "96"]
[EventDate "2011.12.26"]

1. e4 b6 2. d4 Bb7 3. Nc3 e6 4. Nf3 Bb4 5. Bd3 Nf6 6. Qe2 d6 7. Bd2 c5 8. Bb5+
Nbd7 9. d5 O-O 10. dxe6 fxe6 11. Bd3 d5 12. exd5 exd5 13. O-O Re8 14. Qd1 Ne5
15. Re1 Nxd3 16. cxd3 Qd7 17. Ne2 Bxd2 18. Qxd2 d4 19. Qf4 Nh5 20. Qg5 Bxf3 21.
gxf3 Qf7 22. Kf1 Qxf3 23. Rad1 Re6 24. Ng3 Nxg3+ 25. Qxg3 Qxg3 26. hxg3 Rae8
27. Rxe6 Rxe6 28. a3 Kf7 29. Kg2 a5 30. Kf3 Rf6+ 31. Ke2 g5 32. Rh1 Kg6 33. Rb1
h5 34. b4 axb4 35. axb4 h4 36. bxc5 bxc5 37. gxh4 gxh4 38. Rc1 Rf5 39. Rg1+ Kh5
40. f3 Re5+ 41. Kd2 h3 42. Rg8 Kh4 43. Rg4+ Kh5 44. Rg8 Re6 45. Rc8 h2 46.
Rxc5+ Kh4 47. Rc8 Rh6 48. Rc1 Kg3 0-1

[Event "II Open Dicembre"]
[Site "Arco ITA"]
[Date "2011.12.29"]
[Round "6"]
[White "Lezzerini, Marco"]
[Black "Rizzo, Giuseppe"]
[Result "1-0"]
[WhiteElo "1871"]
[BlackElo "1732"]
[PlyCount "53"]
[EventDate "2011.12.26"]

1. c4 e5 2. g3 Nf6 3. Bg2 d5 4. cxd5 Nxd5 5. Nc3 Nb6 6. Nf3 Nc6 7. O-O Be7 8.
a3 O-O 9. b4 Be6 10. Rb1 f6 11. d3 a5 12. b5 Nd4 13. Nxd4 exd4 14. Na4 Nxa4 15.
Qxa4 Ra7 16. Bf4 Bc5 17. Rfc1 b6 18. Bd2 Re8 19. Bb4 axb4 20. Qxa7 bxa3 21.
Rxc5 bxc5 22. Qxa3 c4 23. Bc6 Re7 24. Qc5 c3 25. Ra1 Kf7 26. Ra8 Qd6 27. Qh5+
1-0

[Event "II Open Dicembre"]
[Site "Arco ITA"]
[Date "2011.12.29"]
[Round "6"]
[White "Medves, Adriano"]
[Black "Bacchelli, Andrea"]
[Result "0-1"]
[WhiteElo "1858"]
[BlackElo "1789"]
[PlyCount "70"]
[EventDate "2011.12.26"]

1. b4 d5 2. Bb2 e6 3. b5 c5 4. e3 Nf6 5. Nf3 Bd6 6. c4 dxc4 7. Bxc4 Nbd7 8. O-O
O-O 9. Nc3 e5 10. Qc2 Qe7 11. Be2 Re8 12. Nh4 Nb6 13. Nf5 Bxf5 14. Qxf5 e4 15.
d3 exd3 16. Bxd3 Be5 17. Rab1 Rad8 18. Rfd1 Nbd5 19. Na4 Bxb2 20. Nxb2 Nc3 21.
Rdc1 Nxb1 22. Bxb1 b6 23. Nc4 Qd7 24. Qc2 Qxb5 25. g4 Qd7 26. f3 g6 27. h4 Qc7
28. Kg2 Nd5 29. Qf2 Nb4 30. Rc3 Rd7 31. a3 Nd5 32. Rb3 Red8 33. h5 Ne7 34. Be4
Nc8 35. h6 Nd6 0-1

[Event "II Open Dicembre"]
[Site "Arco ITA"]
[Date "2011.12.29"]
[Round "6"]
[White "Medves, Enrico"]
[Black "Faini, Marco"]
[Result "0-1"]
[WhiteElo "1889"]
[BlackElo "1952"]
[PlyCount "58"]
[EventDate "2011.12.26"]

1. d4 c5 2. d5 d6 3. c4 Nf6 4. Nc3 g6 5. e4 Bg7 6. h3 Na6 7. a3 Nc7 8. Nf3 a6
9. Rb1 a5 10. Bd3 Bd7 11. O-O e5 12. dxe6 fxe6 13. Bg5 e5 14. Bc2 Bc6 15. b4
axb4 16. axb4 b6 17. b5 Bb7 18. Ra1 Rxa1 19. Qxa1 Ne6 20. Bxf6 Bxf6 21. Qa7 Qc7
22. Ra1 O-O 23. Nd5 Bxd5 24. exd5 Qxa7 25. Rxa7 Nd4 26. Nxd4 exd4 27. Rb7 Bd8
28. Rd7 Re8 29. Rxd6 Re1+ 0-1

[Event "II Open Dicembre"]
[Site "Arco ITA"]
[Date "2011.12.29"]
[Round "6"]
[White "Molinelli, Luigi"]
[Black "Ziglio, Giorgio"]
[Result "0-1"]
[WhiteElo "1267"]
[BlackElo "1467"]
[PlyCount "36"]
[EventDate "2011.12.26"]

1. d4 Nf6 2. c4 d6 3. Nc3 g6 4. e4 Bg7 5. Bd3 e5 6. d5 O-O 7. f3 Nh5 8. Nge2 f5
9. Bd2 Qh4+ 10. g3 Nxg3 11. Nxg3 f4 12. Ke2 fxg3 13. hxg3 Qxg3 14. Qf1 Bg4 15.
fxg4 Qxg4+ 16. Ke1 Qg3+ 17. Kd1 Rxf1+ 18. Bxf1 Qf3+ 0-1

[Event "II Open Dicembre"]
[Site "Arco ITA"]
[Date "2011.12.29"]
[Round "6"]
[White "Mondal, Prince"]
[Black "Schingaro, Angelo"]
[Result "1/2-1/2"]
[WhiteElo "1786"]
[BlackElo "1727"]
[PlyCount "88"]
[EventDate "2011.12.26"]

1. e4 c5 2. c3 d5 3. exd5 Qxd5 4. d4 Nc6 5. Nf3 Bg4 6. Be2 e6 7. O-O Nf6 8. Be3
cxd4 9. cxd4 Be7 10. Nc3 Qd8 11. Qd2 O-O 12. a3 a6 13. Rad1 Nd5 14. Nxd5 Qxd5
15. h3 Bh5 16. Rfe1 Rfd8 17. Nh2 Bxe2 18. Qxe2 Rac8 19. b4 Na7 20. Rc1 Nb5 21.
Qb2 h6 22. Nf3 Bf6 23. Rxc8 Rxc8 24. Rc1 Rxc1+ 25. Qxc1 Qd7 26. Qb2 Qc7 27. Qb3
Qc3 28. Qxc3 Nxc3 29. Kf1 Nd5 30. Bc1 Kf8 31. Ke2 Ke7 32. g3 Kd6 33. Kd3 b5 34.
Nd2 Be7 35. Nb3 Nc7 36. Nc5 Kd5 37. Bf4 Bd6 38. Bd2 f5 39. f4 Be7 40. h4 Bf6
41. Be3 g6 42. Nb3 Kc6 43. Nc5 h5 44. Bd2 Kd5 1/2-1/2

[Event "II Open Dicembre"]
[Site "Arco ITA"]
[Date "2011.12.29"]
[Round "6"]
[White "Niccoli, Paolo"]
[Black "Pedrotti, Luciano"]
[Result "1-0"]
[WhiteElo "1960"]
[BlackElo "1801"]
[PlyCount "49"]
[EventDate "2011.12.26"]

1. e4 e5 2. Nf3 Nc6 3. Bb5 a6 4. Ba4 Nf6 5. d3 b5 6. Bb3 Be7 7. O-O O-O 8. Re1
d6 9. c3 Bg4 10. Nbd2 Nb8 11. Nf1 Nbd7 12. Ng3 Nc5 13. Bc2 Ne6 14. h3 Bxf3 15.
Qxf3 g6 16. Be3 Ne8 17. Rad1 N8g7 18. d4 f6 19. Qg4 Kh8 20. Bh6 Qc8 21. Nf5
gxf5 22. exf5 Rg8 23. fxe6 Qf8 24. dxe5 fxe5 25. Qe4 1-0

[Event "II Open Dicembre"]
[Site "Arco ITA"]
[Date "2011.12.29"]
[Round "6"]
[White "Paniga, Danilo"]
[Black "Oltramari, Silvano"]
[Result "1/2-1/2"]
[WhiteElo "1840"]
[BlackElo "1583"]
[PlyCount "96"]
[EventDate "2011.12.26"]

1. d4 d5 2. Nf3 Nf6 3. e3 g6 4. Nbd2 Bg7 5. Bd3 O-O 6. O-O a6 7. a4 b6 8. b4
Nbd7 9. c3 Re8 10. e4 dxe4 11. Nxe4 Bb7 12. Nxf6+ Nxf6 13. Re1 c5 14. dxc5 bxc5
15. Bb2 Qb6 16. b5 Rad8 17. Qc2 Bxf3 18. gxf3 a5 19. c4 Qd6 20. Rad1 Qf4 21.
Be2 h5 22. Bc1 Qc7 23. Be3 Rd7 24. Rxd7 Nxd7 25. Rd1 Kh7 26. Kg2 f5 27. f4 e5
28. Qd2 exf4 29. Bxf4 Ne5 30. Qd5 Qe7 31. Qd6 Nxc4 32. Qxe7 Rxe7 33. Bxc4 Re4
34. b6 Rxf4 35. b7 Be5 36. Rd5 Rxc4 37. Rxe5 Rb4 38. Rxc5 Rxb7 39. Rxa5 Kg7 40.
Ra8 Kf6 41. a5 Kg5 42. a6 Re7 43. a7 Rb7 44. Kg3 h4+ 45. Kg2 Rc7 46. Kf3 Rc2
47. Kg2 Rc7 48. Kf3 Rc2 1/2-1/2

[Event "II Open Dicembre"]
[Site "Arco ITA"]
[Date "2011.12.29"]
[Round "6"]
[White "Pellicoro, Roberto"]
[Black "Zappi, Adriano"]
[Result "1-0"]
[WhiteElo "1386"]
[BlackElo "1717"]
[PlyCount "119"]
[EventDate "2011.12.26"]

1. e4 g6 2. d4 d6 3. Be3 Bg7 4. Nf3 Nf6 5. Nc3 O-O 6. Bd3 Bg4 7. h3 Bd7 8. e5
Ne8 9. Qd2 dxe5 10. dxe5 Bc6 11. Bh6 Nd7 12. Bxg7 Nxg7 13. O-O-O Nc5 14. Qe3
Nxd3+ 15. Rxd3 Qc8 16. Rhd1 Qf5 17. Nd5 Bxd5 18. Rxd5 Rfe8 19. Ng5 Ne6 20. Nxe6
Qxe6 21. Qc5 c6 22. R5d3 b6 23. Qe3 Kg7 24. b3 c5 25. c4 Qc6 26. g4 Rac8 27. f4
Rc7 28. f5 b5 29. f6+ exf6 30. exf6+ Kh8 31. Qxe8+ Qxe8 32. Rd8 Rc8 33. Rxe8+
Rxe8 34. cxb5 h5 35. gxh5 Rb8 36. a4 Rc8 37. Kb2 Kg8 38. Rd7 c4 39. bxc4 Rxc4
40. Rxa7 Rh4 41. b6 Rb4+ 42. Ka3 Rxb6 43. Ra8+ Kh7 44. Rf8 Rb7 45. h4 Ra7 46.
Kb4 Rxa4+ 47. Kc5 Ra8 48. Rxf7+ Kh8 49. Kd6 Ra4 50. Rf8+ Kh7 51. Rc8 Rd4+ 52.
Ke5 Rd5+ 53. Ke6 Rd6+ 54. Ke7 Rd7+ 55. Ke8 Rd6 56. Kf8 Ra6 57. Rc7+ Kh8 58. f7
Ra8+ 59. Ke7 Kg7 60. Rd7 1-0

[Event "II Open Dicembre"]
[Site "Arco ITA"]
[Date "2011.12.29"]
[Round "6"]
[White "Perich, Stefano"]
[Black "Simmon, Norbert"]
[Result "1/2-1/2"]
[WhiteElo "1922"]
[BlackElo "1785"]
[PlyCount "54"]
[EventDate "2011.12.26"]

1. d4 d5 2. Nf3 Nf6 3. g3 Bf5 4. Bg2 c6 5. O-O Ne4 6. Nbd2 Nd7 7. Nh4 Nxd2 8.
Bxd2 e6 9. Nxf5 exf5 10. b3 Nf6 11. Bg5 Bd6 12. Qd3 h6 13. Bxf6 Qxf6 14. c4
dxc4 15. bxc4 Rd8 16. Rab1 Rd7 17. Bh3 g6 18. e4 Bc5 19. d5 cxd5 20. cxd5 O-O
21. exf5 g5 22. Bg2 b6 23. Rfe1 Rd6 24. g4 Kg7 25. Qe4 Kg8 26. Qe5 Rfd8 27. Kf1
Kg7 1/2-1/2

[Event "II Open Dicembre"]
[Site "Arco ITA"]
[Date "2011.12.29"]
[Round "6"]
[White "Pojer, Romeo"]
[Black "Buglisi, Massimo"]
[Result "0-1"]
[WhiteElo "2145"]
[BlackElo "1887"]
[PlyCount "62"]
[EventDate "2011.12.26"]

1. e4 c5 2. Nf3 Nc6 3. Bc4 e6 4. Nc3 Nf6 5. d4 Nxe4 6. Nxe4 d5 7. Bd3 dxe4 8.
Bxe4 Nxd4 9. O-O Be7 10. Ne5 Qc7 11. f4 O-O 12. c3 Nf5 13. Qc2 f6 14. Nc4 g6
15. g4 Ng7 16. Be3 Rb8 17. f5 b5 18. Bf4 e5 19. Bd5+ Kh8 20. Bh6 bxc4 21. fxg6
Bb7 22. Bxb7 Rxb7 23. gxh7 Bd6 24. Rad1 e4 25. Qxe4 Bxh2+ 26. Kh1 Be5 27. Rd2
Rbb8 28. Rg2 Rfd8 29. Qg6 Ne6 30. g5 Nf4 31. Rxf4 Rd1+ 0-1

[Event "II Open Dicembre"]
[Site "Arco ITA"]
[Date "2011.12.29"]
[Round "6"]
[White "Raineri, Valerio"]
[Black "Spornberger, Maximilian"]
[Result "1-0"]
[WhiteElo "2159"]
[BlackElo "2202"]
[PlyCount "73"]
[EventDate "2011.12.26"]

1. e4 g6 2. d4 Bg7 3. Nc3 d6 4. Be3 a6 5. Qd2 Nd7 6. f3 b5 7. Nh3 Bb7 8. Nd1 c5
9. c3 Ngf6 10. Bd3 O-O 11. O-O e5 12. d5 Qc7 13. Ndf2 c4 14. Bc2 Nc5 15. Rae1
a5 16. Bh6 Qb6 17. Kh1 b4 18. Bxg7 Kxg7 19. f4 exf4 20. Nxf4 b3 21. axb3 cxb3
22. Bd3 Rae8 23. Re3 Nxd3 24. N4xd3 h5 25. Rfe1 Re7 26. Rf3 Rfe8 27. Rf1 Nd7
28. Rg3 Ba6 29. Qg5 Ne5 30. Nf4 Rh8 31. Qxe7 Bxf1 32. N2h3 Qb8 33. Nxg6 Nxg6
34. Rxg6+ Kxg6 35. Nf4+ Kg7 36. Ne6+ Kg8 37. Qg5+ 1-0

[Event "II Open Dicembre"]
[Site "Arco ITA"]
[Date "2011.12.29"]
[Round "6"]
[White "Sheikh, Mohammed Zannatun N."]
[Black "Engl, Alexander"]
[Result "0-1"]
[WhiteElo "1510"]
[BlackElo "1497"]
[PlyCount "42"]
[EventDate "2011.12.26"]

1. e4 d5 2. exd5 Nf6 3. Nf3 Nxd5 4. Bc4 Bf5 5. d3 e6 6. Bxd5 exd5 7. b3 Be7 8.
Bb2 O-O 9. O-O Bf6 10. Bxf6 Qxf6 11. Nbd2 c6 12. Re1 Nd7 13. Re2 Rfe8 14. a4
Rxe2 15. Rb1 Rae8 16. b4 Bg4 17. Qf1 Bxf3 18. Nxf3 Rxc2 19. d4 Ree2 20. b5 g5
21. h3 h5 0-1

[Event "II Open Dicembre"]
[Site "Arco ITA"]
[Date "2011.12.29"]
[Round "6"]
[White "Sinner, Armin"]
[Black "Paltrinieri, Mario"]
[Result "1/2-1/2"]
[WhiteElo "1783"]
[BlackElo "1690"]
[PlyCount "58"]
[EventDate "2011.12.26"]

1. f4 e5 2. fxe5 d6 3. Nf3 Bg4 4. e4 dxe5 5. Nc3 Bc5 6. Bc4 Nc6 7. h3 Bxf3 8.
Qxf3 Nf6 9. Bb5 Qd6 10. d3 O-O-O 11. Bxc6 Qxc6 12. Be3 Bb4 13. Bd2 Qc5 14. a3
Bxc3 15. Bxc3 Nd7 16. O-O-O f6 17. Rhf1 Kb8 18. Bd2 Qb5 19. Be3 c5 20. Qf2 b6
21. g4 Nf8 22. g5 Nd7 23. Qf5 Qc6 24. Kb1 Rdf8 25. Qg4 Rfg8 26. h4 Kb7 27. c3
Nb8 28. Qe2 Qe6 29. Qg2 Nc6 1/2-1/2

[Event "II Open Dicembre"]
[Site "Arco ITA"]
[Date "2011.12.29"]
[Round "6"]
[White "Spornberger, Peter"]
[Black "Galas, Franco"]
[Result "0-1"]
[WhiteElo "1687"]
[BlackElo "1749"]
[PlyCount "54"]
[EventDate "2011.12.26"]

1. e4 e6 2. d4 d6 3. Nc3 Ne7 4. Bd3 Nd7 5. f4 Nb6 6. Nf3 d5 7. O-O c6 8. Qe2
dxe4 9. Bxe4 g6 10. Be3 Bg7 11. Ne5 Nbd5 12. Rad1 O-O 13. Bc1 Nxc3 14. bxc3 Qa5
15. Qc4 Re8 16. Qb3 Nd5 17. c4 Nf6 18. Bf3 Rd8 19. Bd2 Qc7 20. Be3 Nd7 21. d5
Nxe5 22. fxe5 Bxe5 23. dxc6 Bxh2+ 24. Kh1 Rxd1 25. Rxd1 bxc6 26. Bxc6 Rb8 27.
Rd8+ Qxd8 0-1

[Event "II Open Dicembre"]
[Site "Arco ITA"]
[Date "2011.12.29"]
[Round "6"]
[White "Trauth, Michael"]
[Black "Mora, Massimo"]
[Result "1-0"]
[WhiteElo "2180"]
[BlackElo "1998"]
[PlyCount "47"]
[EventDate "2011.12.26"]

1. Nf3 Nf6 2. c4 c6 3. g3 d5 4. Bg2 Bf5 5. cxd5 cxd5 6. Qb3 Qc8 7. Nc3 e6 8. d3
Nc6 9. Bf4 Nh5 10. Be3 Bd6 11. O-O O-O 12. Rac1 Qd7 13. Nb5 Be7 14. Qa4 Nf6 15.
Bf4 Rfc8 16. Nbd4 Nxd4 17. Qxd4 Qb5 18. Rc3 Rc6 19. Rfc1 Nd7 20. e4 Bg6 21.
exd5 Bc5 22. dxc6 Bxd4 23. Nxd4 Qb6 24. cxd7 1-0

[Event "II Open Dicembre"]
[Site "Arco ITA"]
[Date "2011.12.29"]
[Round "6"]
[White "Vinciguerra, Riccardo"]
[Black "Benaglia, Giovanni"]
[Result "0-1"]
[WhiteElo "1589"]
[BlackElo "1958"]
[PlyCount "48"]
[EventDate "2011.12.26"]

1. d4 g6 2. Nf3 Bg7 3. e4 d6 4. c4 Nd7 5. Nbd2 e6 6. Bd3 Ne7 7. b3 e5 8. d5 Nc5
9. Bc2 a5 10. a4 O-O 11. Rb1 f5 12. O-O f4 13. Ng5 h6 14. Ngf3 g5 15. Bb2 Ng6
16. h3 g4 17. hxg4 Bxg4 18. Qe1 Nh4 19. Nh2 Qg5 20. Nxg4 Qxg4 21. g3 Qh3 22.
gxh4 f3 23. Nxf3 Rxf3 24. Bd1 Qg4+ 0-1

[Event "II Open Dicembre"]
[Site "Arco ITA"]
[Date "2011.12.30"]
[Round "7"]
[White "Allegranti, Luca"]
[Black "Bevilacqua, Maurizio"]
[Result "0-1"]
[WhiteElo "1999"]
[BlackElo "2143"]
[PlyCount "142"]
[EventDate "2011.12.26"]

1. b3 d5 2. Bb2 Nf6 3. Nf3 Bf5 4. g3 e6 5. Bg2 Bd6 6. Nh4 Bg6 7. O-O Nbd7 8. d4
c6 9. Nd2 Qe7 10. a4 O-O 11. Nxg6 hxg6 12. c4 g5 13. Re1 Bb4 14. e4 Nxe4 15.
Bxe4 dxe4 16. Rxe4 Nf6 17. Re2 Rfd8 18. Ne4 Nxe4 19. Rxe4 Qf8 20. Qe2 Rd7 21.
h4 Be7 22. hxg5 Bxg5 23. Qh5 Bf6 24. Kg2 g6 25. Qf3 Qg7 26. Rh1 Rad8 27. Bc1 g5
28. d5 cxd5 29. cxd5 Rxd5 30. Ree1 b6 31. Rh2 Qg6 32. Reh1 Bg7 33. Qe2 Rc8 34.
Bb2 e5 35. Qf3 Rd3 36. Qb7 Qc6+ 37. Qxc6 Rxc6 38. Bc1 f6 39. b4 Rc4 40. a5 Rxb4
41. axb6 axb6 42. Be3 Rb2 43. Re1 b5 44. Bb6 Kf7 45. Rc1 Rd7 46. Rc6 b4 47. Be3
b3 48. Rb6 Kg6 49. Rh1 Rd3 50. Re1 g4 51. Kf1 Rc2 52. Rb1 Rcc3 53. Ke1 Bf8 54.
Bd2 Bc5 55. Rb5 Bxf2+ 56. Ke2 Rxd2+ 57. Kxd2 Rxg3 58. R5xb3 Rg2 59. Ke2 Bd4+
60. Kf1 Rc2 61. Rb8 Kg5 62. R1b3 f5 63. Rg8+ Kf4 64. Rg6 Rf2+ 65. Ke1 Rg2 66.
Kf1 Rg1+ 67. Ke2 Ke4 68. Rf6 f4 69. Rb4 f3+ 70. Kd2 Rg2+ 71. Ke1 Ke3 0-1

[Event "II Open Dicembre"]
[Site "Arco ITA"]
[Date "2011.12.30"]
[Round "7"]
[White "Bacchelli, Andrea"]
[Black "De Nisi, Roberta"]
[Result "0-1"]
[WhiteElo "1789"]
[BlackElo "1910"]
[PlyCount "72"]
[EventDate "2011.12.26"]

1. e4 e6 2. d4 d5 3. e5 c5 4. c3 Nc6 5. Bb5 Qb6 6. Bxc6+ bxc6 7. Ne2 Ba6 8.
dxc5 Bxc5 9. O-O f6 10. b4 Be7 11. Be3 Qb5 12. Nd4 Qxf1+ 13. Qxf1 Bxf1 14. Kxf1
Kd7 15. f4 Nh6 16. h3 fxe5 17. fxe5 Rhf8+ 18. Kg1 Nf5 19. Bf2 Nxd4 20. Bxd4 a5
21. a3 axb4 22. cxb4 Rf4 23. Bb2 Bh4 24. Nd2 Bf2+ 25. Kh1 Bd4 26. Bxd4 Rxd4 27.
Nb3 Rc4 28. Kg1 Rc3 29. Nc5+ Ke7 30. a4 Rc4 31. a5 Rxb4 32. a6 Rb5 33. Nd3 c5
34. Kf1 c4 35. Nc1 Rb6 36. Kf2 Raxa6 0-1

[Event "II Open Dicembre"]
[Site "Arco ITA"]
[Date "2011.12.30"]
[Round "7"]
[White "Benaglia, Giovanni"]
[Black "Frontini, Fabio"]
[Result "1-0"]
[WhiteElo "1958"]
[BlackElo "1940"]
[PlyCount "119"]
[EventDate "2011.12.26"]

1. b3 Nf6 2. Bb2 g6 3. Bxf6 exf6 4. c4 Bg7 5. Nc3 O-O 6. g3 Nc6 7. Bg2 f5 8. e3
b6 9. Nge2 Bb7 10. O-O Na5 11. Bxb7 Nxb7 12. Qc2 c6 13. Nf4 Qc7 14. h4 a6 15.
Rac1 Nc5 16. b4 Ne6 17. Nce2 Rac8 18. a4 d6 19. Qa2 Qd7 20. Rc2 Rc7 21. Rfc1
Rfc8 22. d4 Bh6 23. Nd3 Bg7 24. Nc3 Nd8 25. Nf4 Ne6 26. Nce2 Bh6 27. Nd3 Bg7
28. Nc3 Nd8 29. b5 axb5 30. axb5 c5 31. dxc5 dxc5 32. Nd5 Rb7 33. Qa6 Rcb8 34.
Qa2 Ra7 35. Qb3 Ne6 36. Rd1 Qb7 37. Rdd2 Rba8 38. Ra2 Ra5 39. Rxa5 Rxa5 40. Ra2
Qa7 41. Rxa5 Qxa5 42. Ne7+ Kf8 43. Nc6 Qc3 44. Qa4 Qa1+ 45. Qxa1 Bxa1 46. Kg2
Bf6 47. Kf3 Ke8 48. Nf4 Nd8 49. Nd5 Bb2 50. Nxd8 Kxd8 51. Nxb6 f6 52. e4 Kc7
53. Nd5+ Kd6 54. exf5 Ke5 55. fxg6 hxg6 56. g4 Kd4 57. Ne3 Kd3 58. h5 gxh5 59.
gxh5 f5 60. h6 1-0

[Event "II Open Dicembre"]
[Site "Arco ITA"]
[Date "2011.12.30"]
[Round "7"]
[White "Buglisi, Massimo"]
[Black "De Santis, Alessio"]
[Result "0-1"]
[WhiteElo "1887"]
[BlackElo "2318"]
[PlyCount "64"]
[EventDate "2011.12.26"]

1. d4 Nf6 2. c4 e6 3. Nc3 Bb4 4. f3 d5 5. a3 Be7 6. e4 dxe4 7. fxe4 e5 8. d5
Bc5 9. Bg5 O-O 10. Nf3 Bg4 11. Be2 Nbd7 12. Qc2 Bxf3 13. Bxf3 a5 14. Na4 Bd4
15. Nc3 c6 16. Ne2 Bc5 17. O-O-O Qc7 18. Ng3 h6 19. Be2 b5 20. Nf5 bxc4 21.
Bxh6 gxh6 22. Qd2 Rfb8 23. Qxh6 Bf8 24. Qg5+ Kh8 25. Bh5 Nh7 26. Qg3 Ndf6 27.
d6 Qa7 28. Qxe5 Rb5 29. Qc3 Rxf5 30. exf5 Bg7 31. Bf3 Ne4 32. Qxc4 Qe3+ 0-1

[Event "II Open Dicembre"]
[Site "Arco ITA"]
[Date "2011.12.30"]
[Round "7"]
[White "Engl, Alexander"]
[Black "Faini, Ivano"]
[Result "0-1"]
[WhiteElo "1497"]
[BlackElo "1650"]
[PlyCount "158"]
[EventDate "2011.12.26"]

1. f4 e5 2. fxe5 d6 3. Nf3 g5 4. d3 g4 5. Nfd2 dxe5 6. e4 Bc5 7. Nb3 Bb6 8. Qe2
Be6 9. Be3 Nc6 10. c3 h5 11. Nc5 Bxc5 12. Bxc5 Nge7 13. Nd2 Ng6 14. Be3 h4 15.
Qf2 Qe7 16. Be2 O-O-O 17. O-O-O Bxa2 18. Bxg4+ Kb8 19. Kc2 Be6 20. Be2 f6 21.
Ra1 b6 22. Rhf1 Rhf8 23. b4 f5 24. exf5 Bxf5 25. Qg1 Qd6 26. Rxf5 Rxf5 27. Nc4
Nxb4+ 28. cxb4 Qxb4 29. Bd2 Qe7 30. g3 hxg3 31. hxg3 Rdf8 32. Be3 Rh8 33. Bg4
Rf7 34. Qg2 Qe8 35. Na5 e4 36. Rb1 Qa4+ 37. Nb3 Ne5 38. Be2 Rd8 39. Qxe4 Qxe4
40. dxe4 Rh7 41. Nd4 Rh2 42. Kc3 c5 43. Nc2 Rxe2 44. Rh1 Rxe3+ 45. Nxe3 Rd3+
46. Kc2 Rxe3 47. Rh4 Rxg3 48. Rh8+ Kb7 49. Rh7+ Ka6 50. Rh1 Rg4 51. Re1 Kb5 52.
Kc3 Rg3+ 53. Kc2 a5 54. Rb1+ Kc6 55. Rh1 Re3 56. Rh4 a4 57. Kd2 Rg3 58. Rh1 c4
59. Rh6+ Kc5 60. Rh5 Kd4 61. Rh1 Rg2+ 62. Kd1 Kxe4 63. Re1+ Kd5 64. Re3 Kd4 65.
Ra3 b5 66. Rh3 b4 67. Rh4+ Rg4 68. Rh2 c3 69. Rh3 a3 70. Kc2 a2 71. Rh1 Kc4 72.
Re1 b3+ 73. Kd1 a1=Q+ 74. Ke2 Qxe1+ 75. Kxe1 b2 76. Ke2 b1=Q 77. Kf2 Qf5+ 78.
Ke2 Qf3+ 79. Ke1 Nd3# 0-1

[Event "II Open Dicembre"]
[Site "Arco ITA"]
[Date "2011.12.30"]
[Round "7"]
[White "Faini, Marco"]
[Black "Horn, Peter"]
[Result "0-1"]
[WhiteElo "1952"]
[BlackElo "2159"]
[PlyCount "68"]
[EventDate "2011.12.26"]

1. c4 Nf6 2. g3 c6 3. Bg2 d5 4. Qc2 e5 5. d3 Bd6 6. e4 dxe4 7. dxe4 Na6 8. a3
Nc5 9. b4 Ne6 10. Ne2 a5 11. c5 Bc7 12. Bb2 axb4 13. axb4 Rxa1 14. Bxa1 h5 15.
h4 Ng4 16. Nd2 b6 17. Nb3 bxc5 18. Nxc5 Bb6 19. O-O Bxc5 20. bxc5 g5 21. hxg5
Qxg5 22. Rd1 h4 23. Qd2 hxg3 24. Nxg3 Qh4 25. Nf1 Nf4 26. f3 Nh2 27. Qf2 Qg5
28. Ng3 Bh3 29. Kxh2 Bxg2+ 30. Kg1 Nh3+ 31. Kxg2 Nxf2 32. Kxf2 Rh2+ 33. Kf1
Qxg3 34. Bxe5 Qf2# 0-1

[Event "II Open Dicembre"]
[Site "Arco ITA"]
[Date "2011.12.30"]
[Round "7"]
[White "Galas, Franco"]
[Black "Perich, Stefano"]
[Result "1/2-1/2"]
[WhiteElo "1749"]
[BlackElo "1922"]
[PlyCount "47"]
[EventDate "2011.12.26"]

1. d4 Nf6 2. Nf3 g6 3. Bf4 Bg7 4. h3 d6 5. Bd2 Ne4 6. c3 Nd7 7. e3 Ndf6 8. Bd3
O-O 9. O-O Re8 10. Qc2 Nxd2 11. Nbxd2 e5 12. e4 Nh5 13. Rfe1 Nf4 14. Bf1 h5 15.
Kh2 g5 16. g3 Ng6 17. dxe5 dxe5 18. Rad1 Qf6 19. Kg2 Bh6 20. Ng1 g4 21. h4 Be6
22. Nc4 Rad8 23. Ne3 Bxe3 24. Rxe3 1/2-1/2

[Event "II Open Dicembre"]
[Site "Arco ITA"]
[Date "2011.12.30"]
[Round "7"]
[White "Gehrke, Rolf"]
[Black "Niccoli, Paolo"]
[Result "1-0"]
[WhiteElo "2085"]
[BlackElo "1960"]
[PlyCount "91"]
[EventDate "2011.12.26"]

1. Nf3 Nf6 2. g3 g6 3. Bg2 Bg7 4. O-O O-O 5. d4 d6 6. c4 Nc6 7. Nc3 e5 8. d5
Ne7 9. e4 Nd7 10. Ne1 f5 11. Nd3 Nf6 12. f3 fxe4 13. Nxe4 Nf5 14. c5 Nd4 15.
cxd6 cxd6 16. Nxf6+ Qxf6 17. Be3 Bf5 18. Rc1 Rac8 19. Kh1 Rxc1 20. Nxc1 Rc8 21.
Qa4 Qd8 22. Nb3 b5 23. Qa6 Rc2 24. Qxa7 Bd3 25. Rd1 Be2 26. Rc1 Rxc1+ 27. Nxc1
Bxf3 28. Bxf3 Nxf3 29. Ne2 Qc8 30. Qe7 Qh3 31. Qe6+ Qxe6 32. dxe6 e4 33. Nf4
Bxb2 34. Nd5 Kf8 35. Bb6 Ke8 36. e7 Nd4 37. Kg2 Nc6 38. Nc7+ Kxe7 39. Nxb5 Ke6
40. a4 d5 41. a5 d4 42. a6 d3 43. Be3 Bd4 44. Nxd4+ Nxd4 45. a7 Nc2 46. Kf2 1-0

[Event "II Open Dicembre"]
[Site "Arco ITA"]
[Date "2011.12.30"]
[Round "7"]
[White "Marchelli, Luca"]
[Black "Lantschner, Carmen"]
[Result "0-1"]
[WhiteElo "1419"]
[BlackElo "1493"]
[PlyCount "108"]
[EventDate "2011.12.26"]

1. c4 d6 2. g3 Nf6 3. Bg2 g6 4. Nc3 Bg7 5. e4 Nc6 6. Nge2 e5 7. d3 O-O 8. O-O
Be6 9. f4 exf4 10. Bxf4 Qd7 11. Qd2 Rfe8 12. Bh6 Bh8 13. Nf4 Ng4 14. Bg5 h6 15.
Nxe6 Qxe6 16. Bxh6 Nxh6 17. Qxh6 Qe5 18. Kh1 Bg7 19. Qf4 Qe6 20. Nd5 Rac8 21.
Nf6+ Bxf6 22. Qxf6 Qd7 23. Rf4 Re5 24. Raf1 Rf8 25. g4 Re6 26. Qh4 Nd4 27. Qf2
c5 28. g5 Re5 29. Qh4 Qe7 30. Rf6 Ne6 31. d4 cxd4 32. Bh3 Nxg5 33. R1f5 Rxf5
34. Rxf5 gxf5 35. Bxf5 f6 36. Qh6 Qg7 37. Qh4 d3 38. Qg3 Qe7 39. h4 d2 40. Qd3
Ne6 41. Qxd2 Nc5 42. b4 Nd7 43. Qh6 Ne5 44. Qf4 Nxc4 45. Qh6 Ne5 46. Qf4 Rf7
47. h5 Qe8 48. h6 Rc7 49. Qg3+ Kh8 50. Qh4 Rc1+ 51. Kg2 Rc2+ 52. Kh1 Rc1+ 53.
Kg2 Qg8+ 54. Kh3 Rh1# 0-1